The Italian risorgimento : state, society and national unification
Saved in:
| Main Author: | |
|---|---|
| Format: | Book |
| Language: | English |
| Published: |
London :
Routledge,
1994
|
| Series: | Historical connections
|
| Subjects: | |
| Tags: |
Add Tag
No Tags, Be the first to tag this record!
|
MARC
| LEADER | 00000nam a2200000 i 4500 | ||
|---|---|---|---|
| 001 | 1/4110 | ||
| 008 | 960506s1994 eng d | ||
| 020 | |a 0-415-05775-2 | ||
| 035 | |l 10015460 | ||
| 040 | |a GR-MY-UA |b gre |e aacr | ||
| 041 | 0 | |a eng | |
| 082 | 0 | |a 945.08 | |
| 100 | 1 | |a Riall, Lucy |d 1962- | |
| 245 | 1 | 4 | |a The Italian risorgimento : |b state, society and national unification / |c Lucy Riall |
| 260 | |a London : |b Routledge, |c 1994 | ||
| 300 | |a 101 p. | ||
| 490 | 1 | |a Historical connections | |
| 504 | |a Includes bibliographical references and index. | ||
| 651 | 0 | |a Italy |x History |y 1849-1870. | |
| 651 | 0 | |a Italy |x Historiography. | |
| 830 | 0 | |a Historical connections | |
| 852 | |a INST |b LESVOS |e 19960506 |h 945.08 RIA |p 005100010360 |q 005100010360 |t BK |y 0 | ||
| 909 | |a Λ |b 044940 | ||